|
|
|
|
| LEADER |
00000naa2a2200000 4500 |
| 001 |
386486 |
| 005 |
20231101063500.0 |
| 035 |
|
|
|a (RuTPU)RU\TPU\prd\15300
|
| 090 |
|
|
|a 386486
|
| 100 |
|
|
|a 20030619a2003 k y0rusy50 ca
|
| 101 |
0 |
|
|a rus
|
| 102 |
|
|
|a RU
|
| 200 |
1 |
|
|a Феномен марганца на Земле
|f Е. С. Базилевская
|
| 320 |
|
|
|a Библиогр.: 20 назв.
|
| 461 |
|
1 |
|0 (RuTPU)RU\TPU\prd\304
|x 0032-874X
|t Природа
|o естественно-научный журнал
|f Российская Академия наук
|d 1912-
|
| 463 |
|
1 |
|0 (RuTPU)RU\TPU\prd\72970
|t № 5
|v с. 35-42
|d 2003
|
| 610 |
1 |
|
|a марганец
|
| 610 |
1 |
|
|a железомарганцевые конкреции
|
| 610 |
1 |
|
|a океаны
|
| 610 |
1 |
|
|a месторождения
|
| 610 |
1 |
|
|a океанские руды
|
| 610 |
1 |
|
|a Мировой океан
|
| 610 |
1 |
|
|a рудные поля
|
| 610 |
1 |
|
|a отложения
|
| 700 |
|
1 |
|a Базилевская
|b Е. С.
|
| 801 |
|
1 |
|a RU
|b 63413507
|c 20030619
|g PSBO
|
| 801 |
|
2 |
|a RU
|b 63413507
|c 20100119
|g RCR
|
| 942 |
|
|
|c BK
|